=LDR 00000nam 2200000 4500 =001 INLIS000000000002217 =005 20130612090554 =008 ***********************************Ind** =035 ##$$0010-061300000002217 =041 ##$$a Ind =082 ##$$a 813 =090 ##$$a 813, Isk s =100 ##$$a Iskandar, N.St =245 ##$$a Salah pilih, N.St. Iskandar =260 ##$$a 1995 $b Jakarta =300 ##$$a 231 hlm, ilus, 21 cm =650 ##$$a Fiksi Indonesia =850 ##$$a NBPNMAT